[Event "BL2 Sued 2223 (Women)"]
[Site "Germany"]
[Date "2023.03.11"]
[Round "6.4"]
[White "Liez, Franziska"]
[Black "Todorova, Kalina"]
[Result "0-1"]
[WhiteElo "1848"]
[BlackElo "1792"]
[PlyCount "62"]
[EventDate "2022.10.15"]
[EventType "team-tourn"]
[EventRounds "7"]
[EventCountry "GER"]
[SourceTitle "EXT 2025"]
[Source "ChessBase"]
[SourceDate "2024.10.14"]
[SourceVersion "1"]
[SourceVersionDate "2024.10.14"]
[SourceQuality "1"]
[WhiteTeam "Gernsheim (W)"]
[BlackTeam "Augsburg (W)"]
[WhiteTeamCountry "GER"]
[BlackTeamCountry "GER"]

1. e4 c5 2. Nf3 e6 3. d4 cxd4 4. Nxd4 a6 5. c4 Nf6 6. Bd3 Qc7 7. 0-0 Bc5 8. Nc2 Nc6 9. Nc3 0-0 10. Kh1 Ne5 11. Be2 Ba7 12. Bf4 d6 13. Qe1 Nxc4 14. Bxc4 Qxc4 15. Bxd6 Rd8 16. Be7 Rd3 17. Bxf6 gxf6 18. Rd1 b5 19. f3 Rxd1 20. Qxd1 Bb7 21. Re1 b4 22. Na4 Rc8 23. Re2 b3 24. axb3 Qxb3 25. Nc3 Qxb2 26. Nb1 Bc6 27. Nca3 Qb4 28. Rd2 Ba4 29. Qf1 Be3 30. Re2 Rc1 31. Qxc1 Bxc1 0-1

[Event "BL2 Sued 1920 (Women)"]
[Site "Germany"]
[Date "2020.02.16"]
[Round "7.5"]
[White "Todorova, Kalina"]
[Black "Mehling, Katharina"]
[Result "1/2-1/2"]
[WhiteElo "1795"]
[BlackElo "1978"]
[PlyCount "67"]
[EventDate "2019.09.14"]
[EventType "team-tourn"]
[EventRounds "7"]
[EventCountry "GER"]
[SourceTitle "EXT 2021"]
[Source "ChessBase"]
[SourceDate "2020.10.23"]
[SourceVersion "1"]
[SourceVersionDate "2020.10.23"]
[SourceQuality "1"]
[WhiteTeam "Augsburg (W)"]
[BlackTeam "Kisschess (W)"]
[WhiteTeamCountry "GER"]
[BlackTeamCountry "GER"]

1. d4 Nf6 2. c4 g6 3. Nc3 Bg7 4. e4 d6 5. Nf3 0-0 6. Bd3 Nc6 7. h3 e5 8. Be3 h6 9. Qd2 Kh7 10. d5 Nb4 11. Bb1 a5 12. c5 Ne8 13. a3 Na6 14. b4 dxc5 15. b5 Nb8 16. Bxc5 Nd6 17. Qe2 Nd7 18. Be3 Qe7 19. Nd2 f5 20. f3 Nf6 21. Bc2 Nh5 22. Bf2 Qg5 23. 0-0-0 Qe7 24. a4 c6 25. Bc5 Ng3 26. Qd3 Nxh1 27. dxc6 Nf2 28. Bxf2 fxe4 29. Ndxe4 Nxe4 30. Nxe4 Bf5 31. Bc5 Qxc5 32. Nxc5 Bxd3 33. Bxd3 bxc6 34. bxc6 1/2-1/2

[Event "GER-chT Federal Cup (Women)"]
[Site "Braunfels"]
[Date "2019.06.20"]
[Round "1.26"]
[White "Todorova, Kalina"]
[Black "Plass, Mariana Camelia"]
[Result "1/2-1/2"]
[WhiteElo "1796"]
[BlackElo "2042"]
[PlyCount "95"]
[EventDate "2019.06.20"]
[EventType "team-swiss"]
[EventRounds "5"]
[EventCountry "GER"]
[SourceTitle "CBM 191 Extra"]
[Source "ChessBase"]
[SourceDate "2019.09.30"]
[SourceVersion "1"]
[SourceVersionDate "2019.09.30"]
[SourceQuality "1"]

1. d4 Nf6 2. c4 e6 3. Nc3 d5 4. g3 dxc4 5. Bg2 c5 6. d5 exd5 7. Nxd5 Nc6 8. Bf4 Nxd5 9. Bxd5 Qb6 10. Qd2 Be6 11. Bxe6 fxe6 12. Bg5 Nd4 13. Nf3 Nxf3+ 14. exf3 Qb4 15. 0-0-0 Qxd2+ 16. Rxd2 h6 17. Bf4 Rd8 18. Rxd8+ Kxd8 19. Rd1+ Ke8 20. Be5 Rh7 21. Bc7 Be7 22. Re1 Kd7 23. Bb8 a6 24. Rd1+ Kc8 25. Be5 Bf6 26. f4 Rh8 27. Rd6 Re8 28. Kc2 Bxe5 29. fxe5 Rf8 30. f4 g5 31. Rxe6 gxf4 32. gxf4 Rxf4 33. Rxh6 Re4 34. e6 b5 35. h4 Kd8 36. e7+ Kxe7 37. Rxa6 Rxh4 38. Ra5 b4 39. Rxc5 Rh2+ 40. Kc1 Rh1+ 41. Kc2 Rh2+ 42. Kc1 Rh1+ 43. Kc2 Rh2+ 44. Kc1 b3 45. axb3 cxb3 46. Rc3 Rh1+ 47. Kd2 Rh2+ 48. Kc1 1/2-1/2

[Event "BL2 Sued 1718 (Women)"]
[Site "Germany"]
[Date "2017.10.15"]
[Round "2.6"]
[White "Leinenbach, Janine"]
[Black "Todorova, Kalina"]
[Result "1/2-1/2"]
[WhiteElo "1764"]
[BlackElo "1806"]
[PlyCount "88"]
[EventDate "2017.10.14"]
[EventType "team-tourn"]
[EventRounds "7"]
[EventCountry "GER"]
[SourceTitle "EXT 2019"]
[Source "ChessBase"]
[SourceDate "2018.10.10"]
[SourceVersion "1"]
[SourceVersionDate "2018.10.10"]
[SourceQuality "1"]
[WhiteTeam "Wadgassen/Differten (W)"]
[BlackTeam "Augsburg SG (W)"]
[WhiteTeamCountry "GER"]
[BlackTeamCountry "GER"]

1. c4 e5 2. Nc3 d6 3. d3 Nc6 4. g3 Be6 5. Bg2 Qd7 6. Bd2 g6 7. Nf3 h6 8. Nd5 Nd8 9. h4 c6 10. Nc3 Bg7 11. Qc2 Ne7 12. e4 f5 13. Ne2 Rc8 14. Rd1 Nf7 15. b3 d5 16. Bc1 0-0 17. 0-0 fxe4 18. dxe4 d4 19. Ne1 c5 20. Nd3 Bh3 21. Kh2 Bxg2 22. Kxg2 Nd6 23. f3 Rc7 24. g4 Kh7 25. Ng3 b5 26. Ba3 Rfc8 27. Bc1 Qe6 28. cxb5 c4 29. bxc4 Rxc4 30. Qb3 Rc2+ 31. Rf2 Qxb3 32. axb3 Nxb5 33. Bd2 Nc3 34. Ra1 Nc6 35. Be1 Rxf2+ 36. Kxf2 Rb8 37. Nc1 Bf8 38. Ra6 Rb6 39. Rxb6 axb6 40. Nge2 Nxe2 41. Kxe2 Kg7 42. Nd3 Kf6 43. Kd1 Ke6 44. Kc2 Be7 1/2-1/2

[Event "BUL-ch (Women) 60th"]
[Site "Bankia"]
[Date "2011.04.21"]
[Round "11"]
[White "Voiska, Margarita"]
[Black "Todorova, Kalina"]
[Result "1-0"]
[WhiteElo "2313"]
[BlackElo "1830"]
[PlyCount "91"]
[EventDate "2011.04.12"]
[EventType "tourn"]
[EventRounds "11"]
[EventCountry "BUL"]
[SourceTitle "CBM 141 Extra"]
[Source "ChessBase"]
[SourceDate "2011.05.03"]
[SourceVersion "1"]
[SourceVersionDate "2011.05.03"]
[SourceQuality "1"]

1. c4 e5 2. g3 d6 3. Bg2 Nc6 4. Nc3 Be6 5. d3 Qd7 6. Nd5 g6 7. Nf3 h6 8. Rb1 Bg7 9. b4 Nd8 10. e4 c6 11. Ne3 Ne7 12. Bb2 0-0 13. d4 exd4 14. Bxd4 f5 15. Bxg7 Kxg7 16. exf5 Nxf5 17. 0-0 Nf7 18. Nxf5+ Bxf5 19. Qd4+ Kh7 20. Rbd1 Bh3 21. Rfe1 Bxg2 22. Kxg2 Rae8 23. Qxa7 Ra8 24. Qd4 Rfe8 25. Qf6 Rxe1 26. Rxe1 Re8 27. Rxe8 Qxe8 28. h4 Ne5 29. Qxd6 Nxf3 30. Kxf3 Qf7+ 31. Kg2 Qxc4 32. Qc7+ Kg8 33. Qxb7 Qe4+ 34. Kh2 Qf3 35. Qb8+ Kh7 36. Qc7+ Kg8 37. Qf4 Qe2 38. a4 Kh7 39. a5 g5 40. Qe3 Qb5 41. Qa7+ Kg8 42. Qb6 Qf5 43. hxg5 hxg5 44. Qd4 g4 45. a6 Qh5+ 46. Kg2 1-0

[Event "BUL-ch (Women) 60th"]
[Site "Bankia"]
[Date "2011.04.20"]
[Round "10"]
[White "Todorova, Kalina"]
[Black "Djingarova, Emilia"]
[Result "0-1"]
[WhiteElo "1830"]
[BlackElo "2349"]
[PlyCount "106"]
[EventDate "2011.04.12"]
[EventType "tourn"]
[EventRounds "11"]
[EventCountry "BUL"]
[SourceTitle "CBM 141 Extra"]
[Source "ChessBase"]
[SourceDate "2011.05.03"]
[SourceVersion "1"]
[SourceVersionDate "2011.05.03"]
[SourceQuality "1"]

1. d4 Nf6 2. c4 e6 3. Nf3 d5 4. g3 Bb4+ 5. Bd2 a5 6. a3 Bxd2+ 7. Nbxd2 0-0 8. Bg2 Nc6 9. Qc2 dxc4 10. Qxc4 Qd5 11. Qc3 Rd8 12. e3 e5 13. dxe5 Ng4 14. 0-0 Ngxe5 15. Nd4 Nxd4 16. exd4 Qxd4 17. Qxc7 Be6 18. Nf3 Nxf3+ 19. Bxf3 Rd7 20. Qc2 Qf6 21. Be4 a4 22. Rac1 Bb3 23. Qc3 Qxc3 24. Rxc3 g6 25. Bc2 Be6 26. Rd1 Rxd1+ 27. Bxd1 b5 28. Be2 Rb8 29. Rc5 b4 30. Ra5 bxa3 31. bxa3 Bh3 32. Rb5 Rc8 33. Rb1 Rc3 34. Ra1 Bd7 35. Kf1 Be6 36. Ke1 Bb3 37. Bd1 Bxd1 38. Kxd1 g5 39. Kd2 Rf3 40. Ke2 Rb3 41. Ra2 Kg7 42. f3 h5 43. h3 Kf6 44. Kf2 h4 45. g4 Rc3 46. Ke2 Ke5 47. Rb2 Rxa3 48. Rb4 f6 49. Re4+ Kd5 50. Rb4 Ra1 51. Kd3 a3 52. Kc3 Rf1 53. Rb5+ Kc6 0-1

[Event "BUL-ch (Women) 60th"]
[Site "Bankia"]
[Date "2011.04.16"]
[Round "6"]
[White "Todorova, Kalina"]
[Black "Zlatanova, Emilia"]
[Result "0-1"]
[WhiteElo "1830"]
[BlackElo "2024"]
[PlyCount "112"]
[EventDate "2011.04.12"]
[EventType "tourn"]
[EventRounds "11"]
[EventCountry "BUL"]
[SourceTitle "CBM 141 Extra"]
[Source "ChessBase"]
[SourceDate "2011.05.03"]
[SourceVersion "1"]
[SourceVersionDate "2011.05.03"]
[SourceQuality "1"]

1. e4 e5 2. Nc3 Bc5 3. g3 Nc6 4. Bg2 d6 5. Nge2 Nge7 6. Na4 0-0 7. 0-0 Bb6 8. h3 f5 9. Nxb6 axb6 10. exf5 Nxf5 11. d3 Be6 12. Kh2 Qd7 13. f4 Rae8 14. g4 Nfd4 15. Nxd4 Nxd4 16. c3 Nc6 17. f5 Bf7 18. g5 Ne7 19. Qg4 Bd5 20. Be4 Bxe4 21. dxe4 d5 22. f6 Qxg4 23. hxg4 dxe4 24. Bd2 Nd5 25. c4 e3 26. cxd5 exd2 27. Rad1 gxf6 28. gxf6 Rd8 29. Rxd2 h6 30. Rf5 Rd6 31. Rxe5 Rfxf6 32. Rde2 Rd7 33. g5 hxg5 34. Rxg5+ Kf7 35. Rge5 Rg6 36. Rf2+ Rf6 37. Rxf6+ Kxf6 38. Rh5 Rg7 39. Kh3 Ke7 40. Rf5 Kd6 41. a3 Kc5 42. Rf4 Kxd5 43. a4 c6 44. b3 Kc5 45. Rc4+ Kd6 46. Rb4 b5 47. axb5 Kc5 48. Rf4 Kxb5 49. Re4 c5 50. Rc4 b6 51. Rf4 Rg1 52. Kh2 Rb1 53. Rf3 Kb4 54. Kg2 Rxb3 55. Rf6 b5 56. Kf2 Rd3 0-1

[Event "BUL-chB (Women) 60th"]
[Site "Plovdiv"]
[Date "2011.02.08"]
[Round "2"]
[White "Todorova, Kalina"]
[Black "Miteva, Silvena"]
[Result "1-0"]
[WhiteElo "1813"]
[BlackElo "1679"]
[PlyCount "71"]
[EventDate "2011.02.07"]
[EventType "swiss"]
[EventRounds "7"]
[EventCountry "BUL"]
[SourceTitle "CBM 140 Extra"]
[Source "ChessBase"]
[SourceDate "2011.03.01"]
[SourceVersion "1"]
[SourceVersionDate "2011.03.01"]
[SourceQuality "1"]

1. e4 c5 2. Ne2 a6 3. Nbc3 b5 4. a3 e6 5. g3 Bb7 6. Bg2 Nf6 7. d3 Be7 8. 0-0 0-0 9. h3 Nc6 10. f4 d5 11. e5 Nd7 12. Kh2 f6 13. exf6 Nxf6 14. d4 c4 15. f5 exf5 16. Nf4 Ne4 17. Nxe4 fxe4 18. Ne6 Rxf1 19. Qg4 Qf8 20. Nxf8 Rfxf8 21. Qd7 Rf6 22. Qxb7 Rb8 23. Qd7 Rd8 24. Qg4 Nxd4 25. Qd1 Nf3+ 26. Bxf3 Rxf3 27. c3 Bc5 28. Bg5 Rd7 29. Bf4 d4 30. cxd4 Rxd4 31. Qe2 Rb3 32. Be3 Rd5 33. Bxc5 Rxc5 34. Qxe4 Rxb2+ 35. Kg1 Kf7 36. Qd4 1-0

[Event "BUL-chT-B (Women) 43th"]
[Site "Albena"]
[Date "2010.05.27"]
[Round "1.1"]
[White "Todorova, Kalina"]
[Black "Kantardzhieva, Toni"]
[Result "1/2-1/2"]
[WhiteElo "1816"]
[BlackElo "1934"]
[PlyCount "88"]
[EventDate "2010.05.27"]
[EventType "team-match"]
[EventRounds "2"]
[EventCountry "BUL"]
[SourceTitle "CBM 136 Extra"]
[Source "ChessBase"]
[SourceDate "2010.07.02"]
[SourceVersion "2"]
[SourceVersionDate "2010.07.15"]
[SourceQuality "1"]
[WhiteTeam "Georgi Daskalov (W)"]
[BlackTeam "Victory (W)"]
[WhiteTeamCountry "BUL"]
[BlackTeamCountry "BUL"]

1. e4 e5 2. Nc3 Nf6 3. g3 Be7 4. Bg2 0-0 5. Nge2 Nc6 6. 0-0 d6 7. h3 Nd4 8. d3 c6 9. Kh2 Be6 10. f4 Nxe2 11. Nxe2 exf4 12. Nxf4 Bd7 13. Be3 Qc7 14. Nh5 Rfe8 15. Nxf6+ Bxf6 16. Rxf6 gxf6 17. Qh5 Re5 18. Qh4 Qd8 19. Rf1 f5 20. Bg5 Qf8 21. Bf6 h6 22. Bxe5 dxe5 23. exf5 f6 24. d4 Re8 25. d5 Kh7 26. Qh5 Qg7 27. dxc6 bxc6 28. Rd1 Re7 29. Rd6 e4 30. Qg6+ Qxg6 31. fxg6+ Kxg6 32. Bxe4+ Rxe4 33. Rxd7 Re2+ 34. Kg1 Rxc2 35. Rxa7 Rxb2 36. Rc7 Rxa2 37. Rxc6 Kg5 38. Rc4 h5 39. h4+ Kf5 40. Rf4+ Ke5 41. Rb4 Kf5 42. Rf4+ Ke5 43. Rb4 f5 44. Rc4 Rb2 1/2-1/2

[Event "BUL-ch U20 Girls"]
[Site "Sofia"]
[Date "2010.03.14"]
[Round "9"]
[White "Todorova, Kalina"]
[Black "Naydenova, Yordanka"]
[Result "1-0"]
[WhiteElo "1786"]
[BlackElo "1926"]
[PlyCount "121"]
[EventDate "2010.03.08"]
[EventType "tourn"]
[EventRounds "9"]
[EventCountry "BUL"]
[SourceTitle "CBM 135 Extra"]
[Source "ChessBase"]
[SourceDate "2010.05.04"]
[SourceVersion "1"]
[SourceVersionDate "2010.05.04"]
[SourceQuality "1"]

1. e4 e5 2. Nc3 Nc6 3. g3 Nf6 4. Bg2 Bc5 5. Nge2 Ng4 6. 0-0 Qf6 7. Nd5 Bxf2+ 8. Kh1 Qh6 9. h3 0-0 10. d4 Qh5 11. dxe5 Bc5 12. Ndf4 Qh6 13. Nd3 Be3 14. Nef4 Bxc1 15. Qxg4 d6 16. e6 Bxf4 17. gxf4 fxe6 18. Rg1 Bd7 19. Bf3 Rf7 20. Raf1 Raf8 21. Bd1 Rf6 22. h4 Rg6 23. Qh3 Rxg1+ 24. Rxg1 Kh8 25. Rg5 Ne7 26. Nf2 Qf6 27. Nd3 Ng6 28. Rg4 Qd4 29. Bf3 Bc6 30. Qg2 Rf7 31. f5 Ne5 32. Nxe5 Qxe5 33. fxe6 Qxe6 34. b3 Qf6 35. Be2 Qf2 36. Qxf2 Rxf2 37. Bd3 Rf6 38. Kg2 Re6 39. Rf4 Kg8 40. Bc4 Bd7 41. Bxe6+ Bxe6 42. Kf3 g6 43. Ke3 Kg7 44. Kd4 h6 45. e5 dxe5+ 46. Kxe5 Bd7 47. Rd4 Bh3 48. Rc4 c6 49. Kd6 g5 50. hxg5 hxg5 51. Ke5 Kg6 52. Rd4 Kh5 53. Rd8 Kh4 54. Rb8 b5 55. Ra8 a5 56. Rxa5 g4 57. Kf4 Kh5 58. c4 Bf1 59. cxb5 cxb5 60. a4 Kh4 61. Ra8 1-0

[Event "BUL-ch U20 Girls"]
[Site "Sofia"]
[Date "2010.03.13"]
[Round "8"]
[White "Ivanova, Simoneta"]
[Black "Todorova, Kalina"]
[Result "0-1"]
[WhiteElo "1816"]
[BlackElo "1786"]
[PlyCount "92"]
[EventDate "2010.03.08"]
[EventType "tourn"]
[EventRounds "9"]
[EventCountry "BUL"]
[SourceTitle "CBM 135 Extra"]
[Source "ChessBase"]
[SourceDate "2010.05.04"]
[SourceVersion "1"]
[SourceVersionDate "2010.05.04"]
[SourceQuality "1"]

1. d4 Nf6 2. c4 e6 3. g3 b6 4. Bg2 c6 5. Nf3 Ba6 6. b3 Bb4+ 7. Bd2 Be7 8. 0-0 d5 9. Qc2 0-0 10. Qd3 Ne4 11. Bc3 Nd6 12. Nfd2 b5 13. Na3 bxc4 14. bxc4 Ne4 15. Bb2 Nxd2 16. Qxd2 dxc4 17. Qc3 Nd7 18. Bxc6 Rc8 19. Bg2 Nb6 20. Bc1 Nd5 21. Bxd5 Qxd5 22. Nc2 Bb7 23. f3 e5 24. dxe5 Bc5+ 25. Be3 Rfe8 26. Bxc5 Qxc5+ 27. Kg2 Rxe5 28. Rae1 Rd8 29. Rf2 Red5 30. Rb1 Bc8 31. Ne3 Rd4 32. a4 a6 33. Rb8 Bh3+ 34. Kxh3 Rxb8 35. Nc2 Rd1 36. Ne3 Rg1 37. g4 Qd6 38. Nf5 Qf6 39. Qxc4 g6 40. Qc7 Re8 41. Nd6 Rxe2 42. Qc8+ Kg7 43. Ne8+ Rxe8 44. Qxe8 g5 45. Rg2 Qh6+ 46. Kg3 Qh4# 0-1

[Event "BUL-ch op 32th"]
[Site "Plovdiv"]
[Date "2010.01.31"]
[Round "1"]
[White "Todorova, Kalina"]
[Black "Bratanov, Zsivko"]
[Result "0-1"]
[WhiteElo "1782"]
[BlackElo "2463"]
[PlyCount "62"]
[EventDate "2010.01.31"]
[EventType "swiss"]
[EventRounds "9"]
[EventCountry "BUL"]
[SourceTitle "CBM 134 Extra"]
[Source "ChessBase"]
[SourceDate "2010.03.03"]
[SourceVersion "1"]
[SourceVersionDate "2010.03.03"]
[SourceQuality "1"]

1. d4 Nf6 2. c4 e6 3. Nf3 b6 4. g3 Bb7 5. Bg2 Bb4+ 6. Bd2 c5 7. Bxb4 cxb4 8. Nbd2 a5 9. a3 Na6 10. 0-0 0-0 11. Re1 d6 12. e4 Qe7 13. a4 e5 14. Qe2 Rfe8 15. Nh4 g6 16. Qd3 exd4 17. Qxd4 Nc5 18. f3 Qe5 19. Qxe5 dxe5 20. Nf1 Bc6 21. Rad1 Rad8 22. Ne3 Nxa4 23. Rxd8 Rxd8 24. Rd1 Rxd1+ 25. Nxd1 Nxb2 26. Nxb2 a4 27. Nxa4 Bxa4 28. Bf1 Bc2 29. c5 bxc5 30. Bb5 b3 31. Ba4 Nd7 0-1

[Event "BUL-ch sf (Women)"]
[Site "Plovdiv"]
[Date "2010.01.27"]
[Round "4"]
[White "Ivanova, Simoneta"]
[Black "Todorova, Kalina"]
[Result "1-0"]
[WhiteElo "1803"]
[BlackElo "1782"]
[PlyCount "51"]
[EventDate "2010.01.24"]
[EventType "swiss"]
[EventRounds "7"]
[EventCountry "BUL"]
[SourceTitle "CBM 134 Extra"]
[Source "ChessBase"]
[SourceDate "2010.03.03"]
[SourceVersion "1"]
[SourceVersionDate "2010.03.03"]
[SourceQuality "1"]

1. d4 Nf6 2. c4 e6 3. g3 b6 4. Bg2 c6 5. Nf3 Ba6 6. Qc2 d5 7. b3 Ne4 8. 0-0 Be7 9. Nbd2 f5 10. Ne5 c5 11. Nxe4 fxe4 12. cxd5 exd5 13. dxc5 Bf6 14. Bb2 Qe7 15. Bxe4 dxe4 16. Qxe4 Bb7 17. Qa4+ Kf8 18. c6 Bxe5 19. cxb7 Qxb7 20. Bxe5 Nc6 21. Bd6+ Ke8 22. Rac1 Rc8 23. Qe4+ Kd8 24. Rfd1 Re8 25. Be7+ Kc7 26. Qe5# 1-0

[Event "BUL-ch U20 Girls"]
[Site "Sofia"]
[Date "2009.03.12"]
[Round "4"]
[White "Kosturska, Yoana"]
[Black "Todorova, Kalina"]
[Result "1-0"]
[WhiteElo "1823"]
[BlackElo "1810"]
[PlyCount "77"]
[EventDate "2009.03.09"]
[EventType "swiss"]
[EventRounds "7"]
[EventCountry "BUL"]
[SourceTitle "CBM 129 Extra"]
[Source "ChessBase"]
[SourceDate "2009.05.05"]
[SourceVersion "2"]
[SourceVersionDate "2009.05.20"]
[SourceQuality "1"]

1. e4 c5 2. Nf3 e6 3. d4 cxd4 4. Nxd4 a6 5. Bd3 Nc6 6. Nxc6 bxc6 7. c4 Nf6 8. Nc3 Qc7 9. 0-0 Bc5 10. Qe2 e5 11. Bg5 Be7 12. Be3 0-0 13. c5 Qa5 14. a3 d5 15. cxd6 Bxd6 16. b4 Qc7 17. Na4 Rb8 18. Bd2 Qe7 19. Rfc1 a5 20. bxa5 Bxa3 21. Rxc6 Bd7 22. Rc3 Bb4 23. Rb3 Bxd2 24. Rxb8 Rxb8 25. Qxd2 Bxa4 26. Rxa4 Qd7 27. Qc2 Rd8 28. Be2 Qe6 29. h3 Rc8 30. Rc4 Ra8 31. Rc6 Qd7 32. a6 h6 33. Rc7 Qd8 34. Qc6 Ne8 35. Rd7 Qb8 36. a7 Qc8 37. Qxc8 Rxc8 38. Bc4 Nc7 39. Rxc7 1-0

[Event "EU-ch U16 Girls 18th"]
[Site "Herceg Novi"]
[Date "2008.09.24"]
[Round "9"]
[White "Stetsko, Lanita"]
[Black "Todorova, Kalina"]
[Result "1-0"]
[WhiteElo "2022"]
[BlackElo "1711"]
[PlyCount "81"]
[EventDate "2008.09.15"]
[EventType "swiss"]
[EventRounds "9"]
[EventCountry "MNE"]
[SourceTitle "CBM 126 Extra"]
[Source "ChessBase"]
[SourceDate "2008.11.05"]
[SourceVersion "1"]
[SourceVersionDate "2008.11.05"]
[SourceQuality "1"]

1. e4 c5 2. Nc3 e6 3. g3 Nc6 4. Bg2 Nge7 5. d3 a6 6. Be3 b6 7. f4 Bb7 8. Nf3 d5 9. Bf2 g6 10. e5 Bg7 11. d4 c4 12. a4 0-0 13. 0-0 Qd7 14. g4 Na5 15. Bh4 Bc6 16. Qe1 f5 17. exf6 Bxf6 18. Bxf6 Rxf6 19. Ne5 Qd6 20. Bh3 Rc8 21. Qh4 Rff8 22. Rf3 Bd7 23. Raf1 Nac6 24. Ne2 Rce8 25. Qh6 b5 26. axb5 axb5 27. Bg2 Nd8 28. Rh3 Rf7 29. Nxf7 Nxf7 30. Qxh7+ Kf8 31. Ra3 b4 32. Re3 Bb5 33. c3 Ra8 34. Ng3 Ke8 35. f5 gxf5 36. gxf5 e5 37. f6 Nc6 38. Nf5 Qf8 39. Bxd5 Ra7 40. Qg7 Ra2 41. Bxf7+ 1-0

[Event "EU-ch U16 Girls 18th"]
[Site "Herceg Novi"]
[Date "2008.09.22"]
[Round "7"]
[White "Todorova, Kalina"]
[Black "Kolaric, Spela"]
[Result "1-0"]
[WhiteElo "1711"]
[BlackElo "1890"]
[PlyCount "55"]
[EventDate "2008.09.15"]
[EventType "swiss"]
[EventRounds "9"]
[EventCountry "MNE"]
[SourceTitle "CBM 126 Extra"]
[Source "ChessBase"]
[SourceDate "2008.11.05"]
[SourceVersion "1"]
[SourceVersionDate "2008.11.05"]
[SourceQuality "1"]

1. d4 d5 2. c4 e6 3. Nf3 Be7 4. g3 Nf6 5. Bg2 0-0 6. 0-0 dxc4 7. Ne5 c5 8. Be3 Nd5 9. Qd2 Nxe3 10. fxe3 Bg5 11. Qc3 Bf6 12. Na3 cxd4 13. exd4 Bxe5 14. dxe5 Nc6 15. Rad1 Qb6+ 16. Kh1 Qc5 17. Nxc4 Rb8 18. Rd6 Nxe5 19. Qxe5 Qxc4 20. Rd4 f6 21. Qd6 Qxe2 22. Qxb8 Qxb2 23. Qd6 Qxa2 24. Rfd1 Qa5 25. Qe7 h6 26. Rd8 Rxd8 27. Qxd8+ Qxd8 28. Rxd8+ 1-0

[Event "EU-ch U16 Girls 18th"]
[Site "Herceg Novi"]
[Date "2008.09.19"]
[Round "5"]
[White "Todorova, Kalina"]
[Black "Bulatkhanova, Bika"]
[Result "0-1"]
[WhiteElo "1711"]
[BlackElo "1976"]
[PlyCount "58"]
[EventDate "2008.09.15"]
[EventType "swiss"]
[EventRounds "9"]
[EventCountry "MNE"]
[SourceTitle "CBM 126 Extra"]
[Source "ChessBase"]
[SourceDate "2008.11.05"]
[SourceVersion "1"]
[SourceVersionDate "2008.11.05"]
[SourceQuality "1"]

1. d4 e6 2. c4 d5 3. Nf3 Be7 4. g3 Nf6 5. Bg2 0-0 6. 0-0 b6 7. Qc2 Bb7 8. Nbd2 Nbd7 9. b3 c5 10. Bb2 Rc8 11. Rfd1 Qc7 12. Rac1 Bd6 13. cxd5 Nxd5 14. a3 Qb8 15. Qb1 cxd4 16. Nxd4 Nc5 17. Ne4 Be7 18. b4 Na4 19. Ba1 a6 20. Nf3 f5 21. Ne5 Qa7 22. Nc4 fxe4 23. Qxe4 Nf4 24. Rd7 Bxe4 25. Rxa7 Nxe2+ 26. Kf1 Bxg2+ 27. Kxe2 Bf6 28. Bxf6 Rxf6 29. Rxa6 b5 0-1

[Event "EU-ch U16 Girls 18th"]
[Site "Herceg Novi"]
[Date "2008.09.17"]
[Round "3"]
[White "Todorova, Kalina"]
[Black "Adamowicz, Katarzyna"]
[Result "0-1"]
[WhiteElo "1711"]
[BlackElo "2063"]
[PlyCount "114"]
[EventDate "2008.09.15"]
[EventType "swiss"]
[EventRounds "9"]
[EventCountry "MNE"]
[SourceTitle "CBM 126 Extra"]
[Source "ChessBase"]
[SourceDate "2008.11.05"]
[SourceVersion "1"]
[SourceVersionDate "2008.11.05"]
[SourceQuality "1"]

1. d4 d5 2. c4 e6 3. Nf3 Nf6 4. g3 c6 5. Bg2 Be7 6. Nc3 0-0 7. 0-0 Nbd7 8. Qd3 b6 9. cxd5 cxd5 10. Bf4 Nh5 11. Bd2 a5 12. Rfe1 Ba6 13. Qb1 Nhf6 14. e4 dxe4 15. Nxe4 Nxe4 16. Qxe4 Nf6 17. Qe3 Rc8 18. Rac1 Nd5 19. Qe4 Qd6 20. Ne5 Bf6 21. Qg4 Rxc1 22. Bxc1 Qb4 23. Qe4 Qd6 24. Qg4 Rc8 25. Be4 g6 26. f4 Qb4 27. Qd1 Ne7 28. a3 Qd6 29. Qd2 Nf5 30. Rd1 Bb5 31. b3 a4 32. b4 Qe7 33. Bb2 Nd6 34. Bd3 Qb7 35. Bxb5 Nxb5 36. Qe2 Qd5 37. Rd2 Nd6 38. Nd7 Bd8 39. Qe5 Nc4 40. Qxd5 exd5 41. Re2 f6 42. f5 Kf7 43. fxg6+ hxg6 44. Rf2 Nxb2 45. Rxb2 Ke7 46. Nc5 bxc5 47. dxc5 Kd7 48. Rd2 Kc6 49. g4 Bc7 50. Re2 Be5 51. g5 Kb5 52. gxf6 Bxf6 53. Kg2 d4 54. Re6 Rc6 55. Re1 d3 56. Kf3 Bc3 57. Ra1 d2 0-1

[Event "BUL-ch (Women) op"]
[Site "Vratsa"]
[Date "2007.07.28"]
[Round "5"]
[White "Todorova, Kalina"]
[Black "Georgieva, Emilia"]
[Result "0-1"]
[WhiteElo "1729"]
[BlackElo "2023"]
[PlyCount "130"]
[EventDate "2007.07.25"]
[EventType "swiss"]
[EventRounds "9"]
[EventCountry "BUL"]
[SourceTitle "CBM 119 Extra"]
[Source "ChessBase"]
[SourceDate "2007.09.04"]
[SourceVersion "1"]
[SourceVersionDate "2007.09.04"]
[SourceQuality "1"]

1. d4 Nf6 2. c4 g6 3. Nc3 Bg7 4. Nf3 d6 5. e4 Nc6 6. Be2 0-0 7. 0-0 e5 8. d5 Ne7 9. Nh4 h6 10. Bd2 g5 11. Nf3 Ng6 12. Qc1 Nf4 13. Re1 Nxe2+ 14. Rxe2 Bg4 15. Be3 Qd7 16. h4 Bxf3 17. gxf3 Qh3 18. hxg5 hxg5 19. Bxg5 Qxf3 20. Re3 Qh5 21. Rg3 Ng4 22. Rg2 f6 23. Bd2 Kf7 24. Ne2 Rh8 25. Ng3 Qh3 26. f3 Nh6 27. Kf2 f5 28. Qg1 Bf6 29. Bxh6 Qxh6 30. Nxf5 Qd2+ 31. Kf1 Qd3+ 32. Kf2 Rh7 33. Rd1 Qc2+ 34. Ke3 Qa4 35. c5 Rd8 36. cxd6 cxd6 37. Rc1 Qa5 38. Qd1 Qb6+ 39. Kd3 Qa6+ 40. Kd2 Rd7 41. Qc2 Qxa2 42. Ke3 Qa6 43. Qc8 Qb6+ 44. Kd3 Qb3+ 45. Rc3 Qd1+ 46. Ke3 Qe1+ 47. Re2 Bg5+ 48. Kd3 Qd1+ 49. Kc4 Qxe2+ 50. Rd3 b5+ 51. Kc3 b4+ 52. Kc4 Qc2+ 53. Rc3 Qe2+ 54. Kb3 Qd1+ 55. Kxb4 a5+ 56. Kb5 Qe2+ 57. Kc6 Kg6 58. Qe8+ Rdf7 59. Qe6+ Bf6 60. Kxd6 Qxb2 61. Rc8 Qb6+ 62. Rc6 Qb4+ 63. Rc5 Qb8+ 64. Kc6 Qb7+ 65. Kd6 Rd7+ 0-1

[Event "BUL-ch (Women) op"]
[Site "Vratsa"]
[Date "2007.07.27"]
[Round "4"]
[White "Barbageorgopoulou, Fani"]
[Black "Todorova, Kalina"]
[Result "1-0"]
[WhiteElo "1792"]
[BlackElo "1729"]
[PlyCount "81"]
[EventDate "2007.07.25"]
[EventType "swiss"]
[EventRounds "9"]
[EventCountry "BUL"]
[SourceTitle "CBM 119 Extra"]
[Source "ChessBase"]
[SourceDate "2007.09.04"]
[SourceVersion "1"]
[SourceVersionDate "2007.09.04"]
[SourceQuality "1"]

1. d4 Nf6 2. c4 e6 3. Nf3 b6 4. g3 Bb7 5. Bg2 Be7 6. 0-0 0-0 7. d5 exd5 8. Nh4 d6 9. cxd5 Nbd7 10. Nc3 Ne5 11. b3 Nfd7 12. Nf5 Bf6 13. Bb2 a5 14. Rc1 Ba6 15. Re1 Nc5 16. Nd4 Qd7 17. Ne4 Be7 18. a3 Qg4 19. Qc2 f5 20. Nxc5 bxc5 21. Ne6 Rfc8 22. f4 Nf7 23. Nxg7 Nh6 24. e4 Rf8 25. Ne6 Rfc8 26. exf5 Nxf5 27. Be4 Nh4 28. Bxh7+ Kf7 29. Be4 c6 30. Kh1 Nf3 31. Re3 Nd4 32. Nxd4 cxd4 33. Bf3 Qh3 34. Bg2 Qh5 35. Bf3 Qh3 36. Bxd4 cxd5 37. Bxd5+ Kf8 38. Bg7+ Kxg7 39. Rxe7+ Kf8 40. Rf7+ Kg8 41. Qg6+ 1-0